<?xml version="1.0" encoding="UTF-8"?>
<marc:record xmlns:marc="http://www.loc.gov/MARC21/slim">
   <marc:leader>00000nam a2200000 a 4500</marc:leader>
   <marc:datafield ind1="1" ind2=" " tag="100">
      <marc:subfield code="a">Vizzini, Ned</marc:subfield>
      <marc:subfield code="4">aut</marc:subfield>
      <marc:subfield code="e">Verfasser/-in</marc:subfield>
   </marc:datafield>
   <marc:datafield ind1="1" ind2=" " tag="100">
      <marc:subfield code="a">Schmitz, Werner</marc:subfield>
   </marc:datafield>
   <marc:datafield ind1="1" ind2=" " tag="100">
      <marc:subfield code="a">Morawetz, Silvia</marc:subfield>
   </marc:datafield>
   <marc:datafield ind1="0" ind2="0" tag="245">
      <marc:subfield code="a">Eine echt verrückte Story</marc:subfield>
   </marc:datafield>
   <marc:datafield ind1="0" ind2="0" tag="245">
      <marc:subfield code="c">Ned Vizzini .Übers. von Silvia Morawetz und Werner Schmitz</marc:subfield>
   </marc:datafield>
   <marc:datafield ind1=" " ind2="1" tag="264">
      <marc:subfield code="a">Schlüchtern</marc:subfield>
      <marc:subfield code="b">Rockbuch</marc:subfield>
      <marc:subfield code="c">2007</marc:subfield>
   </marc:datafield>
   <marc:datafield ind1="1" ind2=" " tag="520">
      <marc:subfield code="a">Wie ein junger Mensch beinahe am schulischen Leistungsdruck zerbricht. (ab 16) (DR) Craig Gilner, ein ehrgeiziger 15-Jähriger, fühlt sich vom Leben im Allgemeinen und vom Drill an der neuen Elite-Highschool im Besonderen überfordert. Craig, der zwar intelligent und fleißig ist, sich aber seine guten Noten hart erarbeiten muss, merkt bald: Wenn er mit seinen Mitschülern - allesamt Beinahe-Genies - mithalten will, bleibt keine Zeit mehr, um zu leben. Der Leistungsdruck steigt, Versagensängste lauern überall: Wer in den USA beruflich und privat Zukunft haben will, hat, wie Craig erkennt, nur eine Chance: "Ich musste eine Maschine werden." (S. 89) Craigs Perfektionismus, seine hohen Erwartungen an sich selbst werden ihm zum Verhängnis, er ist immerzu angespannt, leidet an Depressionen. Craigs nervöser Magen verweigert die Nahrungsaufnahme, sein Gedankenkarussell verhindert ein Einschlafen. Als er seine Antidepressiva absetzt, fällt er in ein tiefes, dunkles Loch. In einer schlaflosen Nacht beschließt er, seinem Leben ein Ende zu setzen, von einer Brücke zu springen. In allerletzter Sekunde verhindert ein Anruf bei einer Suizid-Hotline das Schlimmste, Craig folgt dem Rat und geht ins nahe Krankenhaus, um sich dort helfen zu lassen. Es ist keine leichte Thematik, der sich Ned Vizzini hier annimmt, dennoch wird in lockerem Plauderton erzählt. Der begabte junge New Yorker Autor hat Craigs Geschichte in wenigen Wochen niedergeschrieben. Das Buch stimmt nachdenklich, in welche Richtung unsere Leistungsgesellschaft treibt, und beeindruckt vor allem durch seine entwaffnende Ehrlichkeit: Mit Witz und Ironie nimmt Craig die LeserInnen rasch für sich ein, die mitunter ziemlich schrägen Patienten der Erwachsenenpsychiatrie sorgen ihrerseits für unterhaltsame Lektüre. Durch und durch komisch, verrückt und sehr wahr. - Für Jugendliche ab 16 empfehlenswert. *bn* Cornelia Gstöttinger</marc:subfield>
   </marc:datafield>
   <marc:datafield ind1=" " ind2=" " tag="020">
      <marc:subfield code="a">97839276384</marc:subfield>
      <marc:subfield code="9">97839276384</marc:subfield>
   </marc:datafield>
   <marc:datafield ind1=" " ind2=" " tag="020">
      <marc:subfield code="a">3927638404</marc:subfield>
      <marc:subfield code="9">3927638404</marc:subfield>
   </marc:datafield>
   <marc:datafield ind1=" " ind2=" " tag="500">
      <marc:subfield code="a">Übers. aus dem Amerikan.</marc:subfield>
   </marc:datafield>
   <marc:datafield ind1=" " ind2=" " tag="300">
      <marc:subfield code="a">381 S.</marc:subfield>
   </marc:datafield>
</marc:record>
